Kluby ekstraklasy 2025/2026 - Statystyki

Ogólne statystyki
  • Ten quiz został rozwiązany 33 razy
  • Średni wynik to 16 z 18
Statystyki odpowiedzi
Województwo
Odpowiedź
% Poprawnych
pomorskie Arka Gdynia
100%
podlaskie Jagiellonia Białystok
96%
pomorskie Lechia Gdańsk
96%
wielkopolskie Lech Poznań
96%
mazowieckie Legia Warszawa
96%
śląskie Górnik Zabrze
92%
dolnośląskie KGHM Zagłębie Lubin
92%
lubelskie Motor Lublin
92%
łódzkie Widzew Łódź
92%
śląskie GKS Katowice
88%
małopolskie Cracovia
84%
śląskie Piast Gliwice
84%
zachodniopomorskie Pogoń Szczecin
84%
mazowieckie Radomiak Radom
84%
mazowieckie Wisła Płock
84%
świętokrzyskie Korona Kielce
80%
śląskie Raków Częstochowa
80%
małopolskie Bruk-Bet Termalica Nieciecza
52%
Nie znaleziono quizów pasujących do podanych kryteriów
Rozkład punktacji
Procent ludzi z każdym wynikiem
Percentyl według liczby udzielonych odpowiedzi
Twoja historia wyników
Nie rozwiązałeś tego quizu